01206nam a22003137a 4500003000400000005001700004008004100021040002200062082001800084100002500102245003000127260006000157300002100217366000800238490003200246505001200278505005800290505003600348505011900384505001200503650005500515650004700570650004800617650004300665650004500708650005600753650004700809700003600856OSt20230621135229.0221006b |||||||| |||| 00| 0 eng d cBiblioteca Lado V a709.05bG851a aGriffin, Timeeditor aArtforum/bInternacional/ aNew Yorkc2015bNew York editorial and business offices c26.5x27cma414p. espa aSeptiembrev2015x0864-1315 tLETTERS tCOLUMNSaPASSAGES FILM MUSIC SOUND SLANT TOP TEN tPREVIEWSaFALL 2015 EXHIBITIONS tFEATURESgVENICE 2015 1000 WORDS DREAM WORK BROUGHT TO LIGHT PARALLAX PLURALITY GROUNDS FOR ACTIONS OPENINGS tREVIEWS 2Tesauro de Arte & ArquitecturaaARTE COMTEMPORANEO 2Tesauro de Arte & ArquitecturaaFOTOGRAFIA 2Tesauro de Arte & ArquitecturaaARTE VISUAL 2Tesauro de Arte & ArquitecturaaLIBROS 2Tesauro de Arte & ArquitecturaaNOTICIAS 2 Tesauro de Arte & ArquitecturaaARTE INTERNACIONAL 2 Tesauro de Arte & ArquitecturaaESCULTURA aNavarreta, Jose Antonioeeditor